[Event "GER-chT Federal Cup (Women)"]
[Site "Braunfels"]
[Date "2019.06.22"]
[Round "4.37"]
[White "Marx, Christina"]
[Black "Hoeglauer, Jenny"]
[Result "1/2-1/2"]
[WhiteElo "1605"]
[BlackElo "1703"]
[PlyCount "55"]
[EventDate "2019.06.20"]
[EventType "team-swiss"]
[EventRounds "5"]
[EventCountry "GER"]
[SourceTitle "CBM 191 Extra"]
[Source "ChessBase"]
[SourceDate "2019.09.30"]
[SourceVersion "1"]
[SourceVersionDate "2019.09.30"]
[SourceQuality "1"]

1. e4 c5 2. Nf3 a6 3. c3 e6 4. d4 cxd4 5. cxd4 Nf6 6. Nc3 Bb4 7. Bd3 b5 8. 0-0 Bb7 9. Bg5 h6 10. Bh4 g5 11. Bg3 Bxc3 12. bxc3 Bxe4 13. Ne5 Bd5 14. c4 bxc4 15. Nxc4 Bxc4 16. Bxc4 d5 17. Bb3 Ne4 18. Be5 f6 19. Qg4 Ke7 20. Rfe1 Qd7 21. Bxb8 Raxb8 22. Rac1 f5 23. Qe2 Qb5 24. f3 Qxe2 25. Rxe2 Nf6 26. Rce1 Rb6 27. Re5 Kf7 28. Rc1 1/2-1/2

[Event "GER-ch U14 Girls"]
[Site "Willingen"]
[Date "2015.05.28"]
[Round "7"]
[White "Hoeglauer, Jenny"]
[Black "Browning, Rebecca"]
[Result "0-1"]
[WhiteElo "1446"]
[BlackElo "1652"]
[PlyCount "104"]
[EventDate "2015.05.24"]
[EventType "swiss"]
[EventRounds "9"]
[EventCountry "GER"]
[SourceTitle "CBM 166 Extra"]
[Source "ChessBase"]
[SourceDate "2015.06.18"]
[SourceVersion "1"]
[SourceVersionDate "2015.06.18"]
[SourceQuality "1"]

1. e4 e6 2. d4 b6 3. Nf3 Bb7 4. Bd3 c5 5. c3 Be7 6. 0-0 d6 7. Re1 Nd7 8. Nbd2 Ngf6 9. Nf1 cxd4 10. cxd4 0-0 11. Bf4 Nh5 12. Bd2 Rc8 13. Rc1 Nhf6 14. Ng3 Rxc1 15. Qxc1 Qb8 16. Bc3 Rc8 17. Qd2 Qa8 18. h3 a5 19. a3 Ba6 20. Bxa6 Qxa6 21. Rc1 Qb7 22. Qe3 h6 23. Bd2 Bd8 24. Rxc8 Qxc8 25. Qc3 Qb7 26. Qc2 b5 27. Bf4 Bc7 28. e5 dxe5 29. dxe5 Nd5 30. Qd2 Qc6 31. Ne2 Nxf4 32. Qxf4 Qd5 33. Qd4 Qxd4 34. Nexd4 Nxe5 35. Nxb5 Nxf3+ 36. gxf3 Be5 37. b3 Kf8 38. Kf1 Ke8 39. Ke2 Kd7 40. Kd3 Kc6 41. Nc3 Bd6 42. a4 Bc5 43. Ne4 Ba7 44. Ke2 Kd5 45. Nc3+ Kc5 46. Ne4+ Kb4 47. Nd2 g5 48. Ke1 Bd4 49. Ke2 f5 50. Ke1 Bc3 51. Ke2 Bxd2 52. Kxd2 Kxb3 0-1

[Event "GER-ch U14 Girls"]
[Site "Willingen"]
[Date "2015.05.27"]
[Round "6"]
[White "Walow, Xenia"]
[Black "Hoeglauer, Jenny"]
[Result "1/2-1/2"]
[WhiteElo "1509"]
[BlackElo "1446"]
[PlyCount "112"]
[EventDate "2015.05.24"]
[EventType "swiss"]
[EventRounds "9"]
[EventCountry "GER"]
[SourceTitle "CBM 166 Extra"]
[Source "ChessBase"]
[SourceDate "2015.06.18"]
[SourceVersion "1"]
[SourceVersionDate "2015.06.18"]
[SourceQuality "1"]

1. d4 Nf6 2. Nf3 b6 3. Bf4 Bb7 4. e3 e6 5. Nbd2 Be7 6. Bd3 0-0 7. c3 d6 8. Qc2 c5 9. 0-0 d5 10. Be5 Nbd7 11. Bg3 h6 12. Qd1 Ne4 13. Bxe4 dxe4 14. Ne5 Nxe5 15. Bxe5 Bd6 16. Bg3 Bxg3 17. fxg3 Qg5 18. Rf4 f5 19. Qe2 cxd4 20. exd4 Rfe8 21. Nc4 Ba6 22. b3 e5 23. dxe5 Rxe5 24. Rd1 Rc8 25. Rd7 Bxc4 26. bxc4 Rec5 27. Rxa7 Rxc4 28. Qf2 Rxc3 29. h4 Qxg3 30. Qxg3 Rxg3 31. Rxf5 Re8 32. Kh2 Rg6 33. h5 Rg5 34. Rxg5 hxg5 35. Rd7 e3 36. Rd1 Re4 37. Re1 Kf7 38. Kg3 g4 39. Rf1+ Ke6 40. Rd1 Kf5 41. Rd5+ Re5 42. Rd1 Kg5 43. Re1 Re4 44. Rh1 b5 45. Rb1 e2 46. Re1 Kxh5 47. Kf2 Kh4 48. g3+ Kg5 49. Rxe2 Kf5 50. Rb2 Re5 51. Rb4 g6 52. Rf4+ Kg5 53. Rb4 Kf5 54. Rf4+ Kg5 55. Rb4 Kf5 56. Rf4+ Kg5 1/2-1/2

[Event "GER-chT Lands U20"]
[Site "Hannover"]
[Date "2014.10.05"]
[Round "5.8"]
[White "Buermann, Theresia"]
[Black "Hoeglauer, Jenny"]
[Result "1-0"]
[WhiteElo "1253"]
[BlackElo "1026"]
[PlyCount "31"]
[EventDate "2014.10.03"]
[EventType "team-swiss"]
[EventRounds "7"]
[EventCountry "GER"]
[SourceTitle "CBM 162 Extra"]
[Source "ChessBase"]
[SourceDate "2014.10.17"]
[SourceVersion "1"]
[SourceVersionDate "2014.10.17"]
[SourceQuality "1"]
[WhiteTeam "Hessen II"]
[BlackTeam "Wuerttemberg"]
[WhiteTeamCountry "GER"]
[BlackTeamCountry "GER"]

1. e4 c5 2. d4 cxd4 3. c3 dxc3 4. Nxc3 e6 5. Nf3 Nc6 6. Bf4 a6 7. Bc4 b5 8. Bb3 Bb7 9. 0-0 d6 10. Qc2 Nf6 11. Rad1 e5 12. Bg3 Be7 13. Rfe1 Qc7 14. Nd5 Nxd5 15. Bxd5 Nb4 16. Qxc7 1-0

[Event "GER-chT Lands U20"]
[Site "Hannover"]
[Date "2014.10.04"]
[Round "3.8"]
[White "Wolterink, Jule"]
[Black "Hoeglauer, Jenny"]
[Result "0-1"]
[WhiteElo "1003"]
[BlackElo "1026"]
[PlyCount "64"]
[EventDate "2014.10.03"]
[EventType "team-swiss"]
[EventRounds "7"]
[EventCountry "GER"]
[SourceTitle "CBM 162 Extra"]
[Source "ChessBase"]
[SourceDate "2014.10.17"]
[SourceVersion "1"]
[SourceVersionDate "2014.10.17"]
[SourceQuality "1"]
[WhiteTeam "Team Nord"]
[BlackTeam "Wuerttemberg"]
[WhiteTeamCountry "GER"]
[BlackTeamCountry "GER"]

1. c4 e5 2. Nc3 Nf6 3. g3 Be7 4. Bg2 c6 5. b3 d5 6. Bb2 Be6 7. d3 Bb4 8. d4 exd4 9. Qxd4 c5 10. Qd3 Nc6 11. cxd5 Nxd5 12. Qc2 Qf6 13. Rc1 Rd8 14. Nf3 Nd4 15. Qd3 Nxf3+ 16. Qxf3 Qxf3 17. Bxf3 b6 18. 0-0 Bxc3 19. Bxc3 Nxc3 20. Rxc3 Rd2 21. Bc6+ Ke7 22. a4 Rxe2 23. Rd1 Rb2 24. Re3 Rd8 25. Bd5 Kf8 26. Red3 Rxd5 27. Rxd5 Bxd5 28. Rxd5 Rxb3 29. Rd7 a5 30. Rb7 c4 31. Kf1 c3 32. Ke1 Rb1+ 0-1

[Event "Magdeburg op-B"]
[Site "Magdeburg"]
[Date "2014.06.12"]
[Round "7"]
[White "Hoeglauer, Jenny"]
[Black "Reyher, Bastian"]
[Result "1/2-1/2"]
[WhiteElo "1141"]
[BlackElo "1059"]
[PlyCount "112"]
[EventDate "2014.06.08"]
[EventType "swiss"]
[EventRounds "9"]
[EventCountry "GER"]
[SourceTitle "CBM 160 Extra"]
[Source "ChessBase"]
[SourceDate "2014.07.01"]
[SourceVersion "1"]
[SourceVersionDate "2014.07.01"]
[SourceQuality "1"]

1. e4 e5 2. Nf3 Nc6 3. Bb5 Nf6 4. d3 Bb4+ 5. c3 Ba5 6. Bxc6 dxc6 7. Nxe5 Qe7 8. Nc4 Bb6 9. 0-0 Be6 10. Ncd2 0-0-0 11. d4 Bg4 12. f3 Bh5 13. Nb3 c5 14. Qd3 Qd6 15. e5 Bg6 16. exd6 Bxd3 17. dxc7 Bxc7 18. Rd1 c4 19. Nc5 Bc2 20. Rd2 Bxb1 21. Rxb1 Rhe8 22. Rd1 h6 23. b3 Nd5 24. Rf1 Nxc3 25. Rb2 Ne2+ 26. Kf2 Nxd4 27. bxc4 Re2+ 28. Rxe2 Nxe2 29. Kxe2 Re8+ 30. Kd3 Rd8+ 31. Kc3 Be5+ 32. Kb3 b6 33. Ne4 Rd3+ 34. Kc2 Rd4 35. Nd2 Bxh2 36. Bb2 Rd6 37. Bxg7 Bf4 38. Ne4 Rc6 39. Kb3 Rg6 40. g3 f5 41. gxf4 fxe4 42. Bc3 e3 43. f5 e2 44. Re1 Rg2 45. f6 Rf2 46. f7 Rxf3 47. Rxe2 Rxf7 48. Re5 Rf3 49. Rh5 a6 50. Rxh6 Kb7 51. Kb4 a5+ 52. Ka4 Rxc3 53. Rh4 Ka6 54. a3 Kb7 55. Rh7+ Ka6 56. Rh4 Kb7 1/2-1/2